000 01278nam0a22002891 4500
001 v19\rc\1773988
005 20250619120819.0
035 _a(NLR Aleph) 004897946
090 _a5342484
_c5342484
100 _a20061204e19041904|||y0rusy50 ca
101 0 _arus
102 _aRU
105 _aa z |||||
200 1 _aК вопросу о внутрисосудистой эндотелиоме
_eИз работ Госпит. хир. клин. проф. П.И. Дьяконова, т. 3
_fСтуд. К. Фон-Визен
210 _a[Москва]
_cт-во скоропеч. А.А. Левенсон
_dценз. 1904
215 _a13 с., 1 л. ил.
_d25
309 _aБез тит. л. и обл.
488 0 _12001#$aРаботы Госпитальной хирургической клиники профессора П.И. Дьяконова$vТ. 3
_tРаботы Госпитальной хирургической клиники профессора П.И. Дьяконова
700 1 _aВизен
_bК.В. фон
_gКарл В. фон
801 0 _aRU
_bNLR
_gpsbo
801 0 _aRU
_bRuMoRGB
_2psbo
801 1 _aRU
_bProSoft-M
_2rusmarc
852 _aNLR
_j38.41.4.28
899 _aRuMoRGB
_jПриплет к U 50/480
899 _aБАН
942 _cBOOK
980 _aNB